| 000 | 00711nam a22002177a 4500 | ||
|---|---|---|---|
| 005 | 20231023121619.0 | ||
| 008 | 231023b ag|||||||| |||| 00| 0 spa d | ||
| 020 | _a9789875001497 | ||
| 050 | 0 | 4 |
_aB2430.D47 _bS36 2011 |
| 100 | 1 | _aDerrida, Jacques, | |
| 240 | _aSéminaire La bête et le souverain. | ||
| 245 | 1 | 0 |
_aSeminario : La bestia y el soberano : _cDerrida, Jacques ; edición Michel Lisse, Marie Mallet y Ginette Michaud |
| 250 | _a1a ed. | ||
| 260 |
_aBuenos Aires : _bManantial, _c2011 |
||
| 300 |
_a356 p. ; _c23 cm. |
||
| 504 | _aIncluye índice | ||
| 505 | _tV. 2. (2002 - 2003) / | ||
| 650 | 4 | _aFilosofía contemporánea | |
| 700 | 1 |
_aLisse, Michel, _eeditor |
|
| 942 |
_2lcc _cLIB |
||
| 999 |
_c168694 _d168692 |
||